|
|
|
|
| LEADER |
00000nab a2200000 a 4500 |
| 001 |
vtls000492535 |
| 003 |
SK-MaSNL |
| 005 |
20260304015353.0 |
| 008 |
120927c1993 xo 0 slo |
| 015 |
|
|
|a SNBRB19rr/mm-uuuuu
|
| 035 |
|
|
|a CL0492673
|
| 040 |
|
|
|a SNKBUCL
|b slo
|c SNKBUCL
|e AACR2
|
| 041 |
0 |
|
|a slo
|
| 044 |
|
|
|a xo
|c SK
|
| 080 |
|
|
|a 78.091.4:78.087.681
|2 1981
|
| 080 |
|
|
|a 78.087.681
|2 1981
|
| 100 |
1 |
|
|a Potočár, Jozef,
|d 1920-2002
|4 aut
|9 251038
|
| 245 |
1 |
0 |
|a Prehovoria do zborovej kultúry
|c Jozef Potočár
|
| 650 |
0 |
7 |
|a zborový spev
|2 snkbucl
|9 3196
|
| 650 |
0 |
7 |
|a detské spevácke zbory
|2 snkbucl
|9 70086
|
| 651 |
|
7 |
|a Slovensko západné
|2 snkbucl
|9 161137
|
| 655 |
|
7 |
|a články z novín a časopisov
|2 snkbucl
|9 267496
|
| 773 |
0 |
|
|t Národná osveta
|g Roč. 3, č. 16 (1993), s. 10
|
| 850 |
|
|
|a Slovenská národná knižnica v Martine
|a MTA001
|
| 852 |
|
|
|a SNK
|b KIS3GCP
|
| 958 |
|
|
|a RK
|
| 992 |
|
|
|a RBX
|
| 999 |
|
|
|c 2590983
|d 2592913
|